000 00736nam a2200193 i 4500
001 100014
003 ES-MaACL
005 20250915063040.0
007 t|
008 050921s1981 ck ||||1| spa d
100 1 _aMartínez Val, José María,
_d1916-
_978455
245 1 0 _aDelito de secuestro e intervención profesional del abogado /
_cJosé María Martínez Val.
260 _aAntioquía (Colombia) :
_bFacultad de Derecho y Ciencias Políticas,
_c1981.
300 _a7 h. ;
_c24 cm.
500 _aSeparata de : Estudios de derecho, A XLII, v. 40, 1981, Nº 100.
710 2 _aUniversidad de Antioquía.
_bFacultad de Derecho y Ciencias Políticas.
_97140
852 _aES-MaACL
_j2142-F-12
_bR.114695
999 _c100014
_d100014